Programme d'un cours élémentaire de physique (Registro nro. 75650)

Detalles MARC
000 -ENCABEZADO
Número de control [NR] 01676nam a2200277Ia 4500
008 - DE LONGITUD FIJA DE DATOS DE ELEMENTOS - INFORMACIÓN GENERAL
Elementos de longitud fija [NR] 130821s1839 fr a gr spa
040 ## - FUENTE DE CATALOGACION [NR]
Agencia de catalogación original [NR] Co-BoUCM
Idioma de catalogación [NR] spa
041 0# - CODIGO DE IDIOMA [R]
Código de idioma para texto/pista de sonido o título separado [R] Francés
092 ## - SIGNATURA TOPOGRAFICA LOCAL
Número de clasificación local E14N014
100 1# - ASIENTO PRINCIPAL--NOMBRE PERSONAL [NR]
Nombre personal [NR] Pinaud, Augusto
245 10 - MENCION DE TITULO [NR]
Título [NR] Programme d'un cours élémentaire de physique
Parte restante del título [NR] à l'usage des aspirants au baccalauréat ès-sciences et ès lettres, et des établissements universitaires
246 13 - FORMA VARIANTE DEL TITULO [R]
Título propiamente dicho/forma breve del título [NR] [Programa para un curso elemental de física
Parte restante del título [NR] para uso de quienes aspiran al bachillerato en ciencias y en letras y también para uso en las universidades]
260 ## - PUBLICACION, DISTRIBUCION, ETC. (PIE DE IMPRENTA) [R]
Lugar de publicación, distribución, etc. [R] Toulouse [Tolosa] (Francia)
Nombre del editor, distribuidor, etc. [R] Martegoute et compe, succrs de Vieusseux [Martegoute y Compañía, sucesores de Vieusseux
Fecha de publicación, distribución, etc. [R] 1839
300 ## - DESCRIPCION FISICA [R]
Extensión [R] vii, [2], 400 páginas, [5] h. pleg
Otros detalles físicos [NR] ilustraciones
500 ## - NOTA GENERAL [R]
Nota general [NR] Detalles físicos: Encuadernación rígida de calidad, cartón forrado en papel jaspeado. Lomo de piel, con adornos y letras en dorado. Guardas. Anteportada. Portada impresa a una sola tinta, sencilla en distintos tipos de letra. Texto muy bien impr
504 ## - NOTA DE BIBLIOGRAFIA, ETC. [R]
Nota de bibliografía, etc. [NR]
505 0# - NOTA DE CONTENIDO CON FORMATO PREESTABLECIDO [R]
Nota de contenido con formato preestablecido [NR] Introducción. ; Nociones generales sobre la materia y los agentes (capítulos 1 a 3). ; Libro primero (capítulos 4 a 10): El peso. ; Leyes de de la caída de los cuerpos. ; El péndulo. ; Pesas y balanzas. ; Hidrostática. ; Los gases. ; Hidrodinámi
506 ## - NOTA DE RESTRICCIONES DE ACCESO [R]
Condiciones de acceso [NR] Consulta en sala.
546 ## - NOTA DE IDIOMA [R]
Nota de idioma [NR] Texto en francés.
650 ## - ASIENTO SECUNDARIO DE MATERIA - TERMINO TEMATICO [R]
Término temático o nombre geográfico como elemento de entrada [NR] Ciencias naturales
9 (RLIN) 10813
650 ## - ASIENTO SECUNDARIO DE MATERIA - TERMINO TEMATICO [R]
Término temático o nombre geográfico como elemento de entrada [NR] Física
Subdivisión general [R] Obras anteriores a 1900
9 (RLIN) 15907
650 ## - ASIENTO SECUNDARIO DE MATERIA - TERMINO TEMATICO [R]
Término temático o nombre geográfico como elemento de entrada [NR] Física
Subdivisión cronológica [R] Siglo XIX
9 (RLIN) 15907
710 2# - ASIENTO SECUNDARIO - NOMBRE CORPORATIVO [R]
Nombre corporativo o de jurisdicción como elemento de entrada [NR] Martegoute y Compañía
Término de relación [R]
942 ## - ELEMENTOS DE ENTRADA AGREGADOS (KOHA)
Tipo de ítem principal el descrito en 300a Libro
Tema principal Ciencias puras
Edición 1
Sistema de clasificación DEWEY
Clasificación 530
Existencias
Total préstamos Código de barras Última vez visto Volúmen / Fascículo Ejemplar Price effective from Tipo de ítem Perdido Sistema de clasificación Dañado No prestable Tipo de ítem específico Suprimido Ubicación habitual Ubicación actual Localización Fecha de creación Forma de adquisición Costo
  L002145 15/12/2012 E14N014 Ej.1 03/02/2013 Libro   DEWEY     Libro archivo     Archivo Histórico Archivo histórico 28/02/2014 Donación 0.00